000 00558nam a22001937a 4500
003 UA-OsUOA
001 7771
007 ta
008 20040624b un ||||| |||| 00| 0 ukr d
100 _aКовальчук К . Ф .
700 _aВишнякова І . В .
942 _cSA
040 _aUA-OsUOA
_cUA-OsUOA
_dUA-OsUOA
245 _aПоказники ефективності лізингової угоди
300 _aС.141 - 146
955 _a0
773 0 _w0
_tФінанси України
_dКиїв
_d2004
_g№6
650 7 _aЛізинг
_2UDC
999 _c293932
_d293932